| 000 | 02073cam a22004577a 4500 | ||
|---|---|---|---|
| 003 | CHAP | ||
| 005 | 20220329141139.0 | ||
| 008 | 971010s1959 r 00010 d | ||
| 010 | _a63413 | ||
| 011 | _a64385 | ||
| 035 | _a69701 | ||
| 040 | _cCHAP | ||
| 082 |
_a333.0972 _bS55 |
||
| 100 | 0 | 0 |
_aSilva Herzog, Jesús. _9106007 |
| 245 | 1 | 3 |
_aEl agrarismo mexicano y la reforma agraria _b: exposicion y crítica |
| 260 |
_aMéxico, D. F. : _bFondo de Cultura Económica, _c1959 |
||
| 300 | _a602 p. | ||
| 500 | _ac.1 descartado ejm. incompleto | ||
| 590 |
_aBATCH-UPD _b10 _c20130110 _lUCH01 _h0954 |
||
| 590 |
_aBATCH-UPD _b10 _c20130410 _lUCH01 _h0607 |
||
| 590 |
_aBATCH-UPD _b10 _c20130914 _lUCH01 _h1958 |
||
| 590 |
_aCONVERSION _b10 _c20130109 _lUCH01 _h1334 |
||
| 650 | 1 | 4 |
_aReforma agraria _zMéxico. _995596 |
| 650 | 1 | 4 |
_aTierras _xTenencia _zMéxico. _9113215 |
| 901 | _aBK | ||
| 942 | _cLIBRO | ||
| 949 |
_a333.0972 S55 _bBC _cLIBRO _d33724000344586 _eLIBRO _fc.10 _h48346 _i69701 _si |
||
| 949 |
_a333.0972 S55 _bBC _cLIBRO _d33724000344735 _eLIBRO _fc.14 _h51479 _i69701 _si |
||
| 949 |
_a333.0972 S55 _bBC _cLIBRO _d33724000344743 _eLIBRO _fc.13 _h3745 _i69701 _si |
||
| 949 |
_a333.0972 S55 _bBC _cLIBRO _d33724000344750 _eLIBRO _fc.12 _h3744 _i69701 _si |
||
| 949 |
_a333.0972 S55 _bBC _cLIBRO _d33724000344768 _eLIBRO _fc.11 _h3743 _i69701 _si |
||
| 949 |
_a333.0972 S55 _bBC _cLIBRO _d33724000344776 _eLIBRO _fc.9 _h3742 _i69701 _si |
||
| 949 |
_a333.0972 S55 _bBC _cLIBRO _d33724000344784 _eLIBRO _fc.8 _h3741 _i69701 _si |
||
| 949 |
_a333.0972 S55 _bBC _cLIBRO _d33724000344792 _eLIBRO _fc.7 _h3740 _i69701 _si |
||
| 949 |
_a333.0972 S55 _bBC _cLIBRO _d33724000344800 _eLIBRO _fc.6 _h3739 _i69701 _si |
||
| 949 |
_a333.0972 S55 _bBC _cLIBRO _d33724000344818 _eLIBRO _fc.5 _h3738 _i69701 _si |
||
| 949 |
_a333.0972 S55 _bBC _cLIBRO _d33724000344826 _eLIBRO _fc.3 _h3736 _i69701 _si |
||
| 949 |
_a333.0972 S55 _bBC _cLIBRO _d33724000344834 _eLIBRO _fc.2 _h3735 _i69701 _si |
||
| 949 |
_a333.0972 S55 _bBC _cLIBRO _d33724000344842 _eLIBRO _h3734 _i69701 _si |
||
| 949 |
_a333.0972 S55 _bBC _cLIBRO _d33724000659579 _eLIBRO _fc.4 _h3737 _i69701 _si |
||
| 999 |
_c63413 _d63413 |
||